000 02040nam a22002297a 4500
005 20260526094910.0
008 260525b |||||||| |||| 00| 0 eng d
020 _a978960658038
040 _cAL
041 _aeng
082 _a128.4
_bDSOH
100 _aIvan Dsouza Ed
_9264558
245 _aHope
_b: Philosophizing from multi horizons
260 _aEluru
_bAssociation of Christian Philosophers of India
_c2025
300 _axxxvi,442p
_bPB
_c23x15.5cm
365 _2Philosophy
_b₹750.00
_c
_d₹950.00
_f05-02-2026
520 _aHOPE: Philosophizing from Multi-horizons comprises the proceedings of the 47th National Annual Research Seminar of the Association of Christian Philosophers of India (ACPI), convened at St Joseph’s Interdiocesan Seminary, Jeppu, Mangalore, from 19 to 21 October 2024. In a world shadowed by despair, darkness, desolation, and despondency, hope emerges as the force that lends meaning and direction to human existence. The natural world itself yearns for this hope, inviting us to commit to ecological preservation, sustainable development, and a renewed harmony with Mother Earth. Given the pressing need of hope for humanity and the world at large, this volume sheds light on its significance in the context of the Jubilee Year 2025—a Year of Hope. The contributions gathered here are not just a set of academic essays; they form a symphonic dialogue across traditions, disciplines, and lived realities. They explore existential foundations, metaphysical frameworks, psycho-somatic dimensions, social and political praxis, transformative and integrative visions of hope. Each essay has its own insights and reflections, yet together they broaden our understanding of what it means to hope in our time. These discourses invite readers to discern the signs of hope and to derive or infuse hope into their human, cosmic, and divine realms
650 _aPsycho Somatic Dimensions
_9264544
650 _aEthics of Hope
_9264545
650 _aACPI Annual Research Seminar
_9264546
942 _2ddc
_cBK
999 _c241497
_d241497